Malvinas. Desvaríos y fantasías en unmarco de equívocos

Tallennettuna:
Bibliografiset tiedot
Päätekijä: Selser, Gregorio
Aineistotyyppi: Teksti
Julkaistu: México D.F.: Proyecto Lázaro Cárdenas
Tagit: Lisää tagi
Ei tageja, Lisää ensimmäinen tagi!

MARC

LEADER 00000 a a2200000 04500
001 24892
003
040
090 |a 179500  
100 |a Selser, Gregorio  
245 |a Malvinas. Desvaríos y fantasías en unmarco de equívocos  
250
260 |a México D.F.:   |b Proyecto Lázaro Cárdenas  
300 |a 2 p.  
999 |c 16064  |d 16064